000 00745nam a22001817a 4500
999 _c371717
_d371717
008 201127b ||||| |||| 00| 0 eng d
040 _aDE-2950
_bger
_cDE-2950
_erda
041 _ager
245 _aGesprächsfaden am Klinikum ist wieder aufgenommen.
_bGesundheit: Große Resonanz auf Mitarbeiterversammlung beim größten Arbeitgeber in Frankfurt. Geschäftsführer Patrick Hilbrenner entschuldigt sich /
_cInes Weber-Rath
264 _c2022
653 _aFrankfurt (Oder)
653 _aKlinikum
773 _dFrankfurt (Oder) Märkisches Verlags- und Druckhaus GmbH & Co KG
_tMärkische Oderzeitung
_g33. Jahrgang (2022) Nr. 150 vom 30.06.2022, S. 13
942 _cA